Statistics for All-Time St.Louis/LA Rams

Click here to take the quiz!

General Stats

  • This quiz has been taken 125 times
  • The average score is 6 of 15

Answer Stats

PositionAnswer% Correct
QBWarner
96%
HBDickerson
88%
WRHolt
84%
WRBruce
83%
DTDonald
60%
TPace
45%
DEYoungblood
37%
CBLane
20%
GOlsen
19%
TEHigbee
15%
LBGreene
8%
SCromwell
5%
PVan Brocklin
5%
CGrier
4%
LBLaurinaitis
2%

Score Distribution

Percentile by Number Answered

Percent of People with Each Score

Your Score History

You have not taken this quiz